000 00954nam a2200205 a 4500
001 2010564
003 AM-YEHGA
005 20260406153025.0
008 250313s2025 le g|||gr|||||000|0|arm|d
040 _aAM-YEHGA
041 0 _aarm
044 _aai
100 0 _aԱրամ
_bԱ.
_qՔեշիշյան
_cԿաթողիկոս,
_d1947-
_93138
245 0 0 _aԱւանդութիւններու վերակենսաւորման տարի 2025 ։
_bՊատգամ Ն.Ս.Օ.Տ.Տ. Արամ Ա. Կաթողիկոսի Մեծի Տանն Կիլիկիոյ /
_cԿաթողիկոսութիւն Հայոց Մեծի Տանն Կիլիկիոյ.
260 _aԱնթիլիաս :
_bտպ. Կաթողիկոսութեան Հայոց Մեծի Տանն Կիլիկիոյ,
_c2025.
300 _a16 էջ ;
_c29 սմ.
650 1 4 _aՀայ եկեղեցու գործիչներ
_94735
710 2 _aԿաթողիկոսութիւն Հայոց Մեծի Տանն Կիլիկիոյ
_94895
942 _2udc
_cBK
999 _c540278
_d540278